000 00529nam a22001817a 4500
005 20251108164035.0
008 250721s1990 xx 000 0 ara d
082 1 4 _a320.956/ناص
100 1 _aالناصر، أكرم عسكر
245 1 0 _aأفكار في السياسة العربية /
264 1 _aعمان :
_bدار ابن رشد،
_c1990.
300 _a52ص
650 1 7 _aالسياسة
650 1 7 _aالأحوال السياسية
650 1 7 _aالبلدان العربية
942 _2ddc
_cBK
999 _c2094
_d2094